00412nam a2200145 a 450000100100000000500170001000800410002702000150006804000250008310000280010824500480013626000330018430000210021750400280023800003427320200930073620.0110929s2002 es 000 0 spa d a8475561381 aDO-SdBNPbspacBNPHU1 aPascual, Arturo,d1958-10aEl lector de James Joyce /cArturo Pascual. aEspaña :bOcéano,c2002. a165 p. ;c23 cm. aBibliografia p. 161-165